Mapa Mundial sin 12 países #3 - Estadísticas

Estadísticas generales
  • Esta prueba ha sido intentada 6.627 veces
  • La puntuación promedio es 10 de 12
Respuestas en el mapa
Las respuestas están codificadas por una escala verde-roja en el mapa de la prueba según el % correcto abajo.
 
Estadísticas de respuestas
Country % Correcto
Uruguay
97%
Estonia
86%
Letonia
86%
Lituania
86%
Omán
86%
Túnez
86%
Yemen
86%
Eritrea
78%
Irlanda
78%
Filipinas
73%
Países Bajos
73%
Taiwán
70%
No se encontraron pruebas coincidentes
Distribución de puntuación
Porcentaje de gente con cada puntuación
Porcentaje por número respondido
Historial de tus puntuaciones
No has intentado esta prueba.